LEADER 02711nam 2200649Ia 450 001 9910454637003321 005 20200520144314.0 010 $a9786611765644 010 $a0-8261-0082-1 010 $a1-281-76564-3 035 $a(CKB)1000000000705995 035 $a(EBL)423581 035 $a(OCoLC)437109899 035 $a(SSID)ssj0000291156 035 $a(PQKBManifestationID)12064538 035 $a(PQKBTitleCode)TC0000291156 035 $a(PQKBWorkID)10248342 035 $a(PQKB)10694784 035 $a(SSID)ssj0000357681 035 $a(PQKBManifestationID)11252020 035 $a(PQKBTitleCode)TC0000357681 035 $a(PQKBWorkID)10354253 035 $a(PQKB)11352811 035 $a(MiAaPQ)EBC423581 035 $a(Au-PeEL)EBL423581 035 $a(CaPaEBR)ebr10265320 035 $a(CaONFJC)MIL176564 035 $a(EXLCZ)991000000000705995 100 $a19990317d1999 uy 0 101 0 $aeng 135 $aur|n|---||||| 181 $ctxt 182 $cc 183 $acr 200 10$aChallenges of biological aging$b[electronic resource] /$fEdward J. Masoro 210 $aNew York $cSpringer$dc1999 215 $a1 online resource (217 p.) 300 $aDescription based upon print version of record. 311 $a0-8261-1277-3 311 $a0-8261-1711-2 320 $aIncludes bibliographical references and index. 327 $aContents; Preface; Acknowledgments; 1 AGING: A BIOLOGICAL PUZZLE; 2 DEMOGRAPHY AND THE SOCIETAL CHALLENGE; 3 WHY AGING OCCURS; 4 HOW AGING OCCURS; 5 BIOLOGICAL BASIS OF AGING: A UNIFYING CONCEPT; 6 THE HUMAN AGING PHENOTYPE; 7 POSSIBLE INTERVENTIONS TO RETARD AGING; Index 330 $aThis volume provides the non-biologist an overview of what is known about the physiological bases of aging. The author examines the many basic theories and emerging hypotheses underlying the molecular, cellular, and systemic processes involved in senescence. He addresses the normal physiological changes that characterize the aging phenotype, and also considers the role of many age-associated diseases in growing older. Masoro synthesizes a much-needed ""unified theory"" of biological aging to which explains how and why the body grows into the condition we call ""old."" This text is intended for 606 $aAging$xPhysiological aspects 606 $aAging 608 $aElectronic books. 615 0$aAging$xPhysiological aspects. 615 0$aAging. 676 $a612.6/7 700 $aMasoro$b Edward J$0971958 801 0$bMiAaPQ 801 1$bMiAaPQ 801 2$bMiAaPQ 906 $aBOOK 912 $a9910454637003321 996 $aChallenges of biological aging$92268320 997 $aUNINA LEADER 01116nam0 22002651i 450 001 UON00490210 005 20231205105328.637 100 $a20180907d1963 |0itac50 ba 101 $aita 102 $aIT 105 $a|||| ||||| 200 1 $aˆIl ‰Tristano di Gottfried von Strassburg$elezioni tenute nella Facoltā di Lettere dell'Universitā di Bologna nell'anno accademico 1962-63$fMario Pensa 210 $aBologna$cPātron$d[1963] 215 $a114 p.$d25 cm. 316 $aValore stimato$5IT-UONSI Fil.GVIII/0433 410 1$1001UON00490211$12001 $aFilologia germanica$1210 $aBologna$cPatron. 620 $aIT$dBologna$3UONL000085 700 1$aPENSA$bMario$3UONV162457$0178696 712 $aPātron$3UONV265630$4650 801 $aIT$bSOL$c20241115$gRICA 899 $aSIBA - SISTEMA BIBLIOTECARIO DI ATENEO$2UONSI 912 $aUON00490210 950 $aSIBA - SISTEMA BIBLIOTECARIO DI ATENEO$dSI Fil.G VIII 0433 $eSI FG 1832 5 0433 Valore stimato 996 $aTristano di Gottfried von Strassburg$9909497 997 $aUNIOR